Top 10 countries: biggest army per capita - Statistics

General Stats
  • This quiz has been taken 415 times
  • The average score is 4 of 10
Answer Stats
Hint Answer % Correct
309 North Korea
90%
129 South Korea
73%
78 Israel
65%
84 Taiwan
47%
61 Vietnam
43%
92 Singapore
35%
108 Cuba
28%
69 Finland
23%
73 Cyprus
14%
86 Armenia
11%
No matching quizzes found
Score Distribution
Percent of People with Each Score
Percentile by Number Answered
Your Score History
You have not taken this quiz